Statically Indeterminate Structures (Record no. 533162)
[ view plain ]
| 000 -LEADER | |
|---|---|
| fixed length control field | 01073 a2200205 4500 |
| 003 - CONTROL NUMBER IDENTIFIER | |
| control field | Nust |
| 005 - DATE AND TIME OF LATEST TRANSACTION | |
| control field | 20191213113126.0 |
| 020 ## - INTERNATIONAL STANDARD BOOK NUMBER | |
| International Standard Book Number | 0070858667 |
| 038 ## - RECORD CONTENT LICENSOR | |
| Staff Name | MSOHAIL |
| 040 ## - CATALOGING SOURCE | |
| Transcribing agency | Nust |
| 082 ## - DEWEY DECIMAL CLASSIFICATION NUMBER | |
| Classification number | 624.17 WAN |
| 100 ## - MAIN ENTRY--PERSONAL NAME | |
| Personal name | Chu Kia Wang Ph.D |
| 9 (RLIN) | 26915 |
| 245 ## - TITLE STATEMENT | |
| Title | Statically Indeterminate Structures |
| Statement of responsibility, etc. | Chu Kia Wang Ph.D |
| 260 ## - PUBLICATION, DISTRIBUTION, ETC. | |
| Place of publication, distribution, etc. | London |
| Name of publisher, distributor, etc. | McGRAW-HILL |
| Date of publication, distribution, etc. | 1953 |
| 300 ## - PHYSICAL DESCRIPTION | |
| Extent | 421,p |
| 500 ## - GENERAL NOTE | |
| General note | General Introduction (Page-1) Deflection of Statistically Determinate Beans (Page-7) Deflection of Statically Determinate Trusses (Page-49) Analysis of Statically Intermediate Beams and (Page-72) Analysis of Statically Intermediate Trusses (Page-105) The Three-moments Equation (Page-121) The Slope –deflection Method (Page-137) The Movement-distribution Method (Page-216) The Method of Column Analogy (Page-189) Analysis of Fixed Arches (Page-345) Secondary Stresses in Trusses With Rigid Joints (Page-384) Composite Structure (Page-399) |
| 538 ## - SYSTEM DETAILS NOTE | |
| System details note | Almirah No.42 and Shelf No.2 |
| 650 ## - SUBJECT ADDED ENTRY--TOPICAL TERM | |
| Topical term or geographic name entry element | Statically Indeterminate Structures |
| 9 (RLIN) | 26916 |
| 942 ## - ADDED ENTRY ELEMENTS (KOHA) | |
| Source of classification or shelving scheme | |
| Koha item type | Book |
| Withdrawn status | Lost status | Source of classification or shelving scheme | Damaged status | Not for loan | Permanent Location | Current Location | Date acquired | Total Checkouts | Full call number | Barcode | Date last seen | Date last checked out | Price effective from | Koha item type |
|---|---|---|---|---|---|---|---|---|---|---|---|---|---|---|
| School of Civil and Environmental Engineering (SCEE) | School of Civil and Environmental Engineering (SCEE) | 12/13/2019 | 1 | 624.17 WAN | NIT-12911 | 06/10/2022 | 09/23/2021 | 12/13/2019 | Book |
